Protekcja celna w Polsce w okresie reformy gospodarczej.
Colná ochrana v Poľsku je veľmi vysoká, celkovo je trojnásobne vyššia ako v krajinách EHS. Metóda výskumu - výpočet miery efektívnej ochrany. Celková colná ochrana v Poľsku v porovnaní s colnými sadzbami v EHS. Príčiny a niektoré následky vysokej colnej ochrany v Poľsku. Politika colnej ochrany a pe...
Salvato in:
| Autore principale: | |
|---|---|
| Natura: | Capitolo di libro |
| Lingua: | polacco |
| Soggetti: | |
| Tags: |
Nessun Tag, puoi essere il primo ad aggiungerne!!
|
MARC
| LEADER | 00000naa a2200000 4500 | ||
|---|---|---|---|
| 001 | r011649 | ||
| 005 | 20221125122949.8 | ||
| 041 | 0 | |a pol | |
| 044 | |a PL | ||
| 245 | 1 | 0 | |a Protekcja celna w Polsce w okresie reformy gospodarczej. |c K. Dziewulski |
| 520 | |a Colná ochrana v Poľsku je veľmi vysoká, celkovo je trojnásobne vyššia ako v krajinách EHS. Metóda výskumu - výpočet miery efektívnej ochrany. Celková colná ochrana v Poľsku v porovnaní s colnými sadzbami v EHS. Príčiny a niektoré následky vysokej colnej ochrany v Poľsku. Politika colnej ochrany a perspektívy ekonomickej integrácie s EHS. | ||
| 610 | 2 | 0 | |a ochrana colná |
| 610 | 2 | 0 | |a PR |
| 610 | 2 | 0 | |a EHS |
| 610 | 2 | 0 | |a sadzby colné |
| 610 | 2 | 0 | |a politika colná |
| 610 | 2 | 0 | |a integrácia ekonomická |
| 100 | 1 | |a Dziewulski, K. | |